000 00282nam a22001337a 4500
008 170425b xxu||||| |||| 00| 0 eng d
020 _a9780073048055
041 _aeng
080 _28 ED
_a54
100 _a12
101 _aSHM
245 _aCHEMISTRY
_cCHANG.R
942 _2udc
_cBK
999 _c11985
_d11985